Good urban governance campaign: India launch (learning from one another), (New Delhi: UNCHS, Habitat, 4-6 September 2001) (Record no. 482328)

000 -LEADER
fixed length control field 00478cam a22001337a 4500
008 - FIXED-LENGTH DATA ELEMENTS--GENERAL INFORMATION
fixed length control field 180718b2001 xxu||||| |||| 00| 0 eng d
082 ## - DEWEY DECIMAL CLASSIFICATION NUMBER
Classification number B131x54 G591
245 ## - TITLE STATEMENT
Title Good urban governance campaign: India launch (learning from one another), (New Delhi: UNCHS, Habitat, 4-6 September 2001)
Statement of responsibility, etc. by UNCHS (Habitat)
260 ## - PUBLICATION, DISTRIBUTION, ETC.
Place of publication, distribution, etc. New Delhi
Name of publisher, distributor, etc. UNCHS (Habitat)
Date of publication, distribution, etc. 2001
300 ## - PHYSICAL DESCRIPTION
Extent 424p.
650 ## - SUBJECT ADDED ENTRY--TOPICAL TERM
Topical term or geographic name entry element Governance - India
650 ## - SUBJECT ADDED ENTRY--TOPICAL TERM
Topical term or geographic name entry element Urbanization - India
700 ## - ADDED ENTRY--PERSONAL NAME
Personal name India. UNCHS (Habitat)
Holdings
Withdrawn status Lost status Damaged status Not for loan Permanent Location Current Location Date acquired Full call number Barcode Date last seen Price effective from Koha item type
        Indian Institute of Public Administration Indian Institute of Public Administration 2018-08-04 B131x54 G591 GG26144 2018-08-04 2018-08-04 GG

Powered by Koha